College Football Sudden Death by State: South Carolina - Statistics

General Stats
  • This quiz has been taken 59 times
  • The average score is 6 of 9
Answers on the Grid
Answers color-coded by a green-red scale on the quiz's grid according to % correct below.
 
Answer Stats
Answer % Correct
University of South Carolina
(Columbia, SC)
92%
Clemson University
(Clemson, SC)
86%
Coastal Carolina University
(Conway, SC)
69%
South Carolina State University
(Orangeburg, SC)
67%
The Citadel Military College of South Carolina
(Charleston, SC)
58%
Furman University
(Greenville, SC)
58%
Wofford University
(Spartanburg, SC)
58%
Presbyterian College
(Clinton, SC)
53%
Charleston Southern University
(North Charleston, SC)
44%
No matching quizzes found
Score Distribution
Percent of People with Each Score
Percentile by Number Answered
Your Score History
You have not taken this quiz